Электросинтез в гидрофобизированных электродах / (Record no. 318649)
[ view plain ]
| 000 -LEADER | |
|---|---|
| fixed length control field | 01188nam a2200229 a 4500 |
| 001 - CONTROL NUMBER | |
| control field | 000937997 |
| 003 - CONTROL NUMBER IDENTIFIER | |
| control field | AM-YeHGA |
| 005 - DATE AND TIME OF LATEST TRANSACTION | |
| control field | 20250617145808.0 |
| 008 - FIXED-LENGTH DATA ELEMENTS--GENERAL INFORMATION | |
| fixed length control field | 130307s2011 ||| r 000 0 rus d |
| 020 ## - INTERNATIONAL STANDARD BOOK NUMBER | |
| International Standard Book Number | 9785769212017 |
| 040 ## - CATALOGING SOURCE | |
| Original cataloging agency | AM-YeHGA |
| 041 0# - LANGUAGE CODE | |
| Language code of text/sound track or separate title | rus |
| 090 ## - LOCALLY ASSIGNED LC-TYPE CALL NUMBER (OCLC); LOCAL CALL NUMBER (RLIN) | |
| -- | 320382 |
| 100 1# - MAIN ENTRY--PERSONAL NAME | |
| Personal name | Корниенко, Василий Леонтьевич |
| 245 10 - TITLE STATEMENT | |
| Title | Электросинтез в гидрофобизированных электродах / |
| Statement of responsibility, etc. | В. Л. Корниенко, Г. А. Колягин, Ю. В. Салтыков ; Отв. ред. А. П. Томилов ; Российская акад. наук, Сибирское отд-ние, Ин-т химии и хим. технологии. |
| 260 ## - PUBLICATION, DISTRIBUTION, ETC. | |
| Place of publication, distribution, etc. | Новосибирск : |
| Name of publisher, distributor, etc. | Изд-во Сибирского отд-ния Российской акад. наук, |
| Date of publication, distribution, etc. | 2011. |
| 300 ## - PHYSICAL DESCRIPTION | |
| Extent | 169 с. : |
| Other physical details | ил. табл. |
| 653 0# - INDEX TERM--UNCONTROLLED | |
| Uncontrolled term | Электрохимический синтез |
| 700 1# - ADDED ENTRY--PERSONAL NAME | |
| Personal name | Колягин, Геннадий Александрович |
| 700 1# - ADDED ENTRY--PERSONAL NAME | |
| Personal name | Салтыков, Юрий Васильевич |
| 710 2# - ADDED ENTRY--CORPORATE NAME | |
| Corporate name or jurisdiction name as entry element | Институт химии и химической технологии РАН |
| Withdrawn status | Lost status | Damaged status | Not for loan | Collection | Home library | Current library | Date acquired | Shelving control number | Total checkouts | Full call number | Barcode | Date last seen | Price effective from | Koha item type | Public note |
|---|---|---|---|---|---|---|---|---|---|---|---|---|---|---|---|
| General | Fundamental Scientific Library | Fundamental Scientific Library | 09/01/2017 | PII/656350 | FL0231346 | 09/01/2017 | 09/01/2017 | Գրքեր / Books | 30 Days Loan |
ՀՀ Գիտությունների ազգային ակադեմիայի հիմնարար գիտական գրադարան = Fundamental Scientific Library of NAS RA
All site content, except where otherwise noted, is licensed under a